| 000 | 00348 a2200145 4500 | ||
|---|---|---|---|
| 999 |
_c330671 _d330671 |
||
| 001 | 86216 | ||
| 003 | NUST | ||
| 005 | 20170728121343.0 | ||
| 008 | 170620b xxu||||| |||| 00| 0 eng d | ||
| 040 | _cNUST | ||
| 082 |
_a808.856 _bWAS |
||
| 100 |
_aWasif Ali Wasif _92946 |
||
| 245 |
_aGuftagoo-20 _cWasif Ali Wasif |
||
| 250 | _a1st | ||
| 260 |
_aLahore: _bKashif Publications _c2006 |
||
| 300 | _a245p. | ||
| 500 | _aGeneral Collection | ||
| 546 | _aIn urdu | ||
| 650 |
_aUrdu Literature _9347 |
||
| 880 |
_6100-01\(3\r _aواصف علی واصف |
||
| 880 |
_6245-02\(3\r _aگفتگو ـ20 _cواصف علی واصف |
||
| 880 |
_6260-03\(3\r _aلاہور : _bکاشف پبلی کیشنز، _c2006 |
||
| 942 |
_aCAE NUST _cBK _k808.856 WAS _2ddc |
||